| 000 | 00808nam a2200229 i 4500 | ||
|---|---|---|---|
| 001 | 129198 | ||
| 003 | ES-MaACL | ||
| 005 | 20250815013652.0 | ||
| 007 | t| | ||
| 008 | 070608s1913 sp ||||1| spa d | ||
| 080 | _a821.134.2-32"19" | ||
| 100 | 1 |
_aTerán, Luis de, _d1864-1935 _9109725 |
|
| 245 | 1 | 3 |
_aLa tragedia de Mirallano _b: novela / _cpor Luis de Terán ; ilustraciones de Romero Calvet. |
| 260 |
_aMadrid : _bLos Contemporáneos, _c1913. |
||
| 300 |
_a19 p. : _bil. ; _c28 cm. |
||
| 490 | 1 |
_aLos contemporáneos y los maestros ; _v246 |
|
| 700 | 1 |
_aRomero Calvet, Rafael. _999360 |
|
| 830 | 0 |
_aLos contemporáneos y los maestros ; _v246 _9219328 |
|
| 852 |
_aES-MaACL _jT-1400-F-3 _cDEPOF _gDedicatoria autógrafa del autor |
||
| 942 |
_2udc _cFOLLETOS _n0 |
||
| 999 |
_c129198 _d129198 |
||